Quizzes
Events
Quiz Creation
Community
Videos
Private Events
Remove Ads
Sign In
Join for FREE
Feedback
Dark Mode
Quiz Categories
Sports
Geography
Music
Movies
Television
Just For Fun
Miscellaneous
History
Literature
Language
Science
Gaming
Entertainment
Religion
Holiday
For Kids
Quiz Lab
Recent
Popular Today
Quiz Kudos Today
Editor Picks
Curator Picks
Quizzes by...
Day
Popularity
Type
Ratings
Length
Year
Community
Subscriptions
Recent Discussions
Orange Saloon
Badges
Playlists
Quests
Create
Leaderboards
Showdown
Live 5
Trivia Bingo
Activity
Puzzle Library
Sporcle Events
Private Events
Virtual Trivia
Globe League
Become a Host
Pub Owners
SporcleCon
Opinionation
Our Games
Videos
Blog
Mobile Apps
Partnerships
Remove Ads and Go Orange
Feedback
Language
Vocabulary
Begins and Ends
Definition
Spanish
French
German
Italian
Chinese
Latin
Translation
Japanese
Language
Vocabulary
Begins and Ends
Definition
Spanish
French
German
Italian
Chinese
Latin
Translation
Japanese
Random Quiz
Search Sporcle
×
Quiz Lab
Quiz Lab
Language
Ending
Type in answers that appear in a list
Type in answers that appear in a list
Classic
Best Score? Go Orange.
Words Ending in Tra II Stats
Can you name the words ending in Tra II?
By
longboard
3m
13 Questions
39 Plays
39 Plays
39 Plays
Comments
Comments
Give Quiz Kudos
Give Quiz Kudos
-
- Ratings
hide this ad
Replay
Link that replays current quiz
Next Quiz
Link to next quiz in quiz playlist
You Got
0%
They Got
Avg Score
47%
Avg Friend Score
Upgrade to see
Score Distribution
Jump to the score distribution portion of the page
Score
0/13
Timer
03:00
0
Plays Today
Clue
Word
% Correct
Ancient Hindu text considered a sex manual
Kamasutra
87.2%
American model and actress, Carmen...
Electra
87.2%
Prefix for within; on the inside
Intra
84.6%
Counterpart of Pietro; Italian for stone
Pietra
64.1%
One of Hyundai's most popular car models
Elantra
59%
One of Nissan's most popular car models
Sentra
48.7%
Underworld: Rise of the Lycans British actress, Rhona...
Mitra
41%
Multinational food packaging company, _
_
_
_
Pak
Tetra
33.3%
One of the largest/
longest rivers in the world; runs through China, Bangladesh, and India
Brahmaputra
28.2%
Large Indian state with Mumbai as its capital city
Maharashtra
28.2%
Another name for Zoroaster, founder of Zoroastrianism
Zarathustra
25.6%
Erectile dysfunction brand name drug along with Cialis and Viagra
Levitra
23.1%
Sinister or left handed in Spanish (feminine)
Siniestra
10.3%
Quiz Playlist
Details
Report
Send in Message
Add To Playlist
Classic:
Type in answers that appear in a list
Last Updated: Feb 16, 2017
Quiz Scoreboard
CHALLENGE
Sign Up to Join the Scoreboard
Show All
Scores
Hide
Comments
May contain spoilers
Recently Published
NBA Finals Game Top Scorers (2010s)
by flibbidy
Sports
5m
Guess the 'R' Things in 3 Words
by MSUKent
Miscellaneous
3m
Actor to Badly Drawn Movie III
by MoMosMoProblems
Movies
5m
More to Explore
Quiz From the Vault
Featured Blog Post
Where Does Lost Luggage Go?
hide this ad
You Might Also Like...
Tags
Ending
Today's Top Quizzes in Language
Browse Language
hide this ad
Today's Top Quizzes in Ending
Browse Ending
Top Contributed Quizzes in Language
1
Einsilbige Reime auf Chips
2
Linguistic Evolution! (V)
3
Trivia Jigsaw: Language
4
Guess the Word in 3 Words
5
Here... Let me make up a word for that
6
One-Minute Crossword CCLVI
7
AP Lang. Literary Terms
8
1960s Slang
9
One-Minute Crossword CCLV
10
Hiragana Speed Reading
Explore More
Trending Topics
Disney
Anime
Marvel
NBA
Crossword
Harry Potter
Kpop
Country
NFL
WWE
Pokémon
The Office
Puzzle
Soccer
Song
hide this ad
More By:
longboard
Quiz
Plays
Rating
Category
Featured
Created
Countries of the Americas A-Z
73,121
4.69
Geography
May 7, 2015
'S' African Countries
62,045
4.60
Geography
May 8, 2015
First and Last Five Countries: World
54,772
4.68
Geography
Jun 12, 2015
Island Nations A-Z
50,213
4.50
Geography
May 7, 2015
Amazon Rainforest Countries
46,786
3.88
Geography
Apr 1, 2014
Go to Creator's Profile
Score Distribution
Quiz Creator Spotlight
longboard
Follow
Send a Message
Quizzes Created
-
Created Quiz Play Count
-
More By This Creator
Popular Quizzes Today
1
Find the US States - No Outlines Minefield
2
Find the US States
3
The Countries of the World
4
10 Largest US States in Order
5
Find the Countries of Europe - No Outlines Minefield
6
US States
7
Guess the 'R' Things in 3 Words
8
NBA Finals Game Top Scorers (2010s)
More Language Quizzes
Call my Bluff - H
Quiz Lab
Trending Quizzes
First Name TV: Leading Men
Match the Book to the Film II
3-Word Movies in 1 Word II
First Name TV: Leading Women Drama
Match the Book to the Film VI
Recently Updated
Women's Final Four Teams by Year
bhenderson79
Presidents Quartet II
eogle
Anything But Clue(do)
eogle
Anything But Oceanian Capitals
eogle
Anything But 7
eogle
Anything But Thing
eogle
Word Ladder: February 29
pecheneg
Song Title Questions
pecheneg
Women's NCAA Tournament #1 Seeds
pecheneg
Celebrity Mug Shots
pecheneg
Trending Topics
Anime
Harry Potter
Crossword
Kpop
Marvel
Disney
NBA
Pokémon
Song
The Office
NFL
Soccer
WWE
Country
Puzzle
Your Account Isn't Verified!
In order to create a playlist on Sporcle, you need to verify the email address you used during registration. Go to your
Sporcle Settings
to finish the process.
Report this User
Report this user for behavior that violates our
Community Guidelines
.
Details:
Send Report
Go to the Sporcle.com Mobile Site →
Comments